[Event "St Louis Spring Classic C"]
[Site "Saint Louis USA"]
[Date "2017.05.16"]
[Round "1.1"]
[White "Sevian, Samuel"]
[Black "Nyzhnyk, Illya"]
[Result "1/2-1/2"]
[WhiteTitle "GM"]
[BlackTitle "GM"]
[WhiteElo "2585"]
[BlackElo "2610"]
[WhiteFideId "2040506"]
[BlackFideId "14118084"]
[EventDate "2017.05.16"]

1. e4 e6 2. d4 d5 3. Nc3 Nf6 4. Bg5 dxe4 5. Nxe4 Be7 6. Bxf6 Bxf6 7. Nf3 Bd7 8.
c3 Bc6 9. Nxf6+ gxf6 10. Nd2 Qd5 11. Nc4 Nd7 12. Ne3 Qg5 13. h4 Qf4 14. a4 O-O-O
15. Qh5 Nb6 16. Bb5 Nd5 17. Rh3 Nxe3 18. fxe3 Qe4 19. Qf3 Rhg8 20. Bxc6 Qxc6 21.
Qxc6 bxc6 22. Kf2 Rg4 23. Rf3 f5 24. g3 c5 25. b4 c4 26. Rb1 Kd7 27. b5 Kd6 28.
Rf4 Rxf4+ 29. exf4 Rb8 30. Rb4 Kd5 31. Kf3 h5 32. a5 f6 33. Ke3 Rg8 34. Kf3 Rb8
35. Ke3 Rg8 1/2-1/2

[Event "St Louis Spring Classic C"]
[Site "Saint Louis USA"]
[Date "2017.05.16"]
[Round "1.2"]
[White "Ramirez, Alejandro"]
[Black "Li, Ruifeng"]
[Result "1/2-1/2"]
[WhiteTitle "GM"]
[BlackTitle "GM"]
[WhiteElo "2550"]
[BlackElo "2574"]
[WhiteFideId "6500617"]
[BlackFideId "2061074"]
[EventDate "2017.05.16"]

1. c4 e5 2. g3 Nc6 3. Bg2 g6 4. Nc3 Bg7 5. e4 d6 6. d3 f5 7. Nge2 Nf6 8. h3 O-O
9. Be3 f4 10. gxf4 Nh5 11. Qd2 Nd4 12. fxe5 dxe5 13. O-O-O Be6 14. f4 exf4 15.
Nxf4 Nxf4 16. Bxf4 b5 17. e5 b4 18. Nd5 c6 19. Nf6+ Bxf6 20. exf6 Qxf6 21. Be3
Bf5 22. Rhe1 b3 23. a3 Nc2 24. Bg5 Nxe1 25. Bxf6 Nxd3+ 26. Kb1 Nb4+ 27. Ka1 Nc2+
28. Kb1 Nb4+ 29. Ka1 Nc2+ 30. Kb1 Nb4+ 1/2-1/2

[Event "St Louis Spring Classic C"]
[Site "Saint Louis USA"]
[Date "2017.05.16"]
[Round "1.3"]
[White "Stukopin, Andrey"]
[Black "Shimanov, Aleksandr"]
[Result "1/2-1/2"]
[WhiteTitle "GM"]
[BlackTitle "GM"]
[WhiteElo "2586"]
[BlackElo "2642"]
[WhiteFideId "24107131"]
[BlackFideId "4198603"]
[EventDate "2017.05.16"]

1. e4 c6 2. Nc3 d5 3. Nf3 dxe4 4. Nxe4 Nf6 5. Nxf6+ exf6 6. d4 Bd6 7. Be2 O-O 8.
O-O Qc7 9. h3 Nd7 10. Bd3 Rd8 11. c4 Nf8 12. Qc2 Be6 13. Re1 Qd7 14. Bd2 Ng6 15.
Rad1 Bxh3 16. gxh3 Qxh3 17. Bxg6 hxg6 18. Qb3 Re8 19. c5 Bc7 20. Rxe8+ Rxe8 21.
Re1 Qg4+ 22. Kf1 Qh3+ 23. Kg1 Qg4+ 24. Kf1 Qh3+ 25. Kg1 Qg4+ 26. Kf1 Qh3+ 27.
Kg1 Qg4+ 28. Kf1 Qh3+ 29. Kg1 Qg4+ 30. Kf1 Qh3+ 31. Kg1 1/2-1/2

[Event "St Louis Spring Classic C"]
[Site "Saint Louis USA"]
[Date "2017.05.17"]
[Round "2.1"]
[White "Nyzhnyk, Illya"]
[Black "Shimanov, Aleksandr"]
[Result "1/2-1/2"]
[WhiteTitle "GM"]
[BlackTitle "GM"]
[WhiteElo "2610"]
[BlackElo "2642"]
[WhiteFideId "14118084"]
[BlackFideId "4198603"]
[EventDate "2017.05.16"]

1. c4 e6 2. g3 d5 3. Bg2 Nf6 4. d4 Be7 5. Nf3 O-O 6. O-O dxc4 7. Qa4 a6 8. Qxc4
b5 9. Qc2 Bb7 10. Bf4 Bd6 11. Nbd2 Nbd7 12. Rfc1 Rc8 13. Nb3 Bd5 14. a4 h6 15.
axb5 axb5 16. Qd3 Bc4 17. Qd1 Bd5 18. Ra5 Bxf4 19. gxf4 c6 20. Rca1 Ne4 21. e3
g5 22. fxg5 Nxg5 23. Nbd2 Kh8 24. Ne1 Rg8 25. Kf1 Nf6 26. Ra7 Rg7 27. h4 Nge4
28. Nxe4 Nxe4 29. Bxe4 Bxe4 30. Qh5 Kg8 31. f3 Bf5 32. Qxh6 Qf8 33. Qf4 Bh3+ 34.
Ke2 Qb4 35. Ra8 Qxb2+ 36. Kd3 Bf1+ 37. Ke4 Rxa8 38. Rxa8+ Kh7 39. Qb8 Qb1+ 40.
Ke5 Qf5+ 41. Kd6 Qd5+ 42. Kc7 Kg6 43. Qh8 f6+ 44. Kb6 b4 45. Qe8+ Kh6 46. Qh8+
Kg6 47. Qe8+ 1/2-1/2

[Event "St Louis Spring Classic C"]
[Site "Saint Louis USA"]
[Date "2017.05.17"]
[Round "2.2"]
[White "Li, Ruifeng"]
[Black "Stukopin, Andrey"]
[Result "1/2-1/2"]
[WhiteTitle "GM"]
[BlackTitle "GM"]
[WhiteElo "2574"]
[BlackElo "2586"]
[WhiteFideId "2061074"]
[BlackFideId "24107131"]
[EventDate "2017.05.16"]

1. e4 c5 2. Nc3 Nc6 3. Nge2 Nf6 4. g3 d5 5. exd5 Nxd5 6. Bg2 Nxc3 7. Nxc3 e6 8.
O-O Be7 9. d3 Nd4 10. Ne4 Bd7 11. c3 Nf5 12. Qh5 O-O 13. Rd1 g6 14. Qe2 Bc6 15.
h4 h5 16. Bf4 Qd7 17. Rd2 Rad8 18. Rad1 Bd5 19. b3 b6 20. Ng5 Bf6 21. Be5 Be7
22. Bf4 Rfe8 23. Ne4 f6 24. d4 cxd4 25. cxd4 Qb7 26. Kh2 Kf7 27. f3 Rd7 28. Qf2
Red8 29. Nc3 Bb4 30. Rd3 Bc6 31. g4 Nxd4 32. Rxd4 Rxd4 33. Rxd4 Bc5 34. Be3 Bxd4
35. Bxd4 e5 36. Bxe5 fxe5 37. gxh5 gxh5 38. Ne4 Bxe4 39. fxe4+ Ke7 40. Qf5 Qc7
41. Qh7+ Kd6 42. Qh6+ 1/2-1/2

[Event "St Louis Spring Classic C"]
[Site "Saint Louis USA"]
[Date "2017.05.17"]
[Round "3.3"]
[White "Shimanov, Aleksandr"]
[Black "Li, Ruifeng"]
[Result "1/2-1/2"]
[WhiteTitle "GM"]
[BlackTitle "GM"]
[WhiteElo "2642"]
[BlackElo "2574"]
[WhiteFideId "4198603"]
[BlackFideId "2061074"]
[EventDate "2017.05.16"]
[EventType "tourn"]

1. Nf3 Nf6 2. c4 c5 3. Nc3 Nc6 4. d4 cxd4 5. Nxd4 e6 6. Bf4 d6 7. Ndb5 e5 8. Bg5
a6 9. Na3 Be7 10. g3 O-O 11. Bxf6 Bxf6 12. Bg2 Be6 13. O-O Rc8 14. Nd5 Bg5 15.
e3 f5 16. Qb3 Na5 17. Qb4 e4 18. Rfd1 Rc5 19. Rac1 Nxc4 20. Nf4 Bxf4 21. Nxc4
Bg5 22. Bf1 Qc7 23. Rxd6 Qxd6 24. Nxd6 Rxc1 25. Qxb7 f4 26. gxf4 Bh3 27. Qb3+
Kh8 28. Nf7+ Rxf7 29. Qb8+ Rc8 30. Qb3 Rc1 31. Qb8+ Rc8 32. Qb3 1/2-1/2

[Event "St Louis Spring Classic C"]
[Site "Saint Louis USA"]
[Date "2017.05.18"]
[Round "4.2"]
[White "Shimanov, Aleksandr"]
[Black "Ramirez, Alejandro"]
[Result "1/2-1/2"]
[WhiteTitle "GM"]
[BlackTitle "GM"]
[WhiteElo "2642"]
[BlackElo "2550"]
[WhiteFideId "4198603"]
[BlackFideId "6500617"]
[EventDate "2017.05.16"]

1. d4 Nf6 2. Nf3 d5 3. c4 c6 4. e3 e6 5. b3 Nbd7 6. Bd3 Be7 7. O-O b6 8. Bb2 Bb7
9. Nc3 O-O 10. Qe2 Rc8 11. Rad1 Qc7 12. e4 dxe4 13. Nxe4 c5 14. dxc5 bxc5 15.
Neg5 h6 16. Nxe6 Bxf3 17. gxf3 fxe6 18. Qxe6+ Kh8 19. Bf5 Nb8 20. Be5 Qb7 21.
Be4 Nc6 22. Rfe1 Rfe8 23. Qf7 Rf8 24. Qe6 Rfe8 25. Qf7 Rf8 26. Qe6 1/2-1/2

[Event "St Louis Spring Classic C"]
[Site "Saint Louis USA"]
[Date "2017.05.18"]
[Round "4.3"]
[White "Li, Ruifeng"]
[Black "Sevian, Samuel"]
[Result "1/2-1/2"]
[WhiteTitle "GM"]
[BlackTitle "GM"]
[WhiteElo "2574"]
[BlackElo "2585"]
[WhiteFideId "2061074"]
[BlackFideId "2040506"]
[EventDate "2017.05.16"]

1. d4 Nf6 2. Bf4 g6 3. Nf3 Bg7 4. e3 O-O 5. Be2 d6 6. h3 c5 7. O-O Qb6 8. Qc1
Nc6 9. c3 Be6 10. Nbd2 cxd4 11. exd4 Rac8 12. Re1 Rfe8 13. Bh2 Nd7 14. Qb1 Na5
15. Bd3 Nc4 16. Nxc4 Bxc4 17. Bxc4 Rxc4 18. Qd3 Rcc8 19. Re2 Nf6 20. Rae1 e6 21.
Bf4 Nd5 22. Bc1 Qc6 23. Qe4 h6 24. Qh4 Ne7 25. Qf4 b5 26. Nh2 b4 27. cxb4 Nf5
28. Nf3 Qd5 29. a3 Rc4 30. Qe4 Qxe4 31. Rxe4 Rec8 32. Bd2 d5 33. R4e2 h5 34. Be3
h4 35. Rd1 Bf6 36. Kf1 Kg7 37. Ke1 a6 38. Red2 Nd6 39. Ne5 Rc2 40. Nd3 R2c6 41.
Re2 Nc4 42. Nc5 g5 43. Bc1 Nd6 44. b3 Nf5 45. Bb2 Kg6 46. Rc2 Kh5 47. Ke2 g4 48.
hxg4+ Kxg4 49. Rdd2 Bg5 50. Rd3 Rg8 51. Rcc3 Kh5 52. Nd7 Rd6 53. Ne5 Bf6 54. Kf1
Nxd4 55. Nxf7 Rd7 56. Rc5 Rg4 57. f3 Rg8 58. Bxd4 Bxd4 59. Rxd4 Rxf7 60. Rd3
Rfg7 61. Rd2 Rg3 62. Rc3 h3 63. gxh3 Rxh3 64. Rg2 Rh1+ 65. Kf2 Rxg2+ 66. Kxg2
Ra1 67. a4 Ra3 68. Kf2 d4 69. Rc4 e5 70. Rc5 Rxb3 71. Rxe5+ Kg6 72. b5 axb5 73.
Rxb5 Ra3 74. a5 Ra2+ 75. Ke1 d3 76. f4 Kf6 77. Kd1 Ke6 78. f5+ Kf6 79. Rd5 Kg5
80. Ke1 Kf6 1/2-1/2

[Event "St Louis Spring Classic C"]
[Site "Saint Louis USA"]
[Date "2017.05.21"]
[Round "7.1"]
[White "Shimanov, Aleksandr"]
[Black "Nyzhnyk, Illya"]
[Result "1/2-1/2"]
[WhiteTitle "GM"]
[BlackTitle "GM"]
[WhiteElo "2642"]
[BlackElo "2610"]
[WhiteFideId "4198603"]
[BlackFideId "14118084"]
[EventDate "2017.05.16"]

1. d4 d5 2. c4 e6 3. Nf3 Nf6 4. Nc3 Bb4 5. Qb3 Nc6 6. Bg5 a5 7. a3 a4 8. Qc2
Bxc3+ 9. bxc3 Na5 10. Qxa4+ Bd7 11. Qb4 Nxc4 12. e3 Ra4 13. Qxb7 Nxa3 14. Rc1
Qa8 15. Qxa8+ Rxa8 16. Nd2 O-O 17. c4 dxc4 18. Nxc4 Nxc4 19. Bxc4 Rfc8 20. Bd3
c5 21. dxc5 Ra5 22. Bxf6 gxf6 23. O-O Raxc5 24. Rxc5 Rxc5 25. Be4 Bc6 26. Bxc6
Rxc6 27. g3 Kg7 28. Kg2 f5 29. Rd1 Rc2 30. Rd7 Kg6 1/2-1/2

[Event "St Louis Spring Classic C"]
[Site "Saint Louis USA"]
[Date "2017.05.21"]
[Round "7.3"]
[White "Ramirez, Alejandro"]
[Black "Sevian, Samuel"]
[Result "1/2-1/2"]
[WhiteTitle "GM"]
[BlackTitle "GM"]
[WhiteElo "2550"]
[BlackElo "2585"]
[WhiteFideId "6500617"]
[BlackFideId "2040506"]
[EventDate "2017.05.16"]

1. Nf3 d5 2. c4 e6 3. b3 Nf6 4. g3 Be7 5. Bg2 O-O 6. O-O a5 7. Nc3 b6 8. Bb2 Bb7
9. d4 Nbd7 10. Ne5 c6 11. e4 Bb4 12. Nxd7 Nxd7 13. Qc2 Rc8 14. Rfd1 Be7 15. Rac1
dxe4 16. Nxe4 Nf6 17. Nxf6+ Bxf6 18. c5 Ba6 19. cxb6 Qxb6 20. Qc5 Qb5 21. Qa7
Ra8 22. Qc5 Rac8 23. Bf1 Qb7 24. Bg2 Qb5 1/2-1/2

[Event "St Louis Spring Classic C"]
[Site "Saint Louis USA"]
[Date "2017.05.22"]
[Round "8.1"]
[White "Nyzhnyk, Illya"]
[Black "Ramirez, Alejandro"]
[Result "0-1"]
[WhiteTitle "GM"]
[BlackTitle "GM"]
[WhiteElo "2610"]
[BlackElo "2550"]
[WhiteFideId "14118084"]
[BlackFideId "6500617"]
[EventDate "2017.05.16"]

1. g3 d5 2. Nf3 g6 3. Bg2 Bg7 4. O-O e5 5. d3 Nc6 6. c3 Nge7 7. Qc2 a5 8. a4 O-O
9. e4 h6 10. Na3 Be6 11. Re1 Re8 12. Nb5 Qd7 13. b3 Rac8 14. Ba3 d4 15. cxd4
exd4 16. Rec1 g5 17. Qd1 g4 18. Ne1 Nb4 19. Bb2 Nec6 20. Na3 f5 21. exf5 Bxf5
22. Nc4 Bf6 23. Bxc6 Nxc6 24. Ba3 Re6 25. Ng2 Bg5 26. Rc2 Rce8 27. Qf1 Qh7 28.
Rd1 Bg6 29. Rb2 Qf7 30. Rbb1 Qf3 31. Ne1 Qe2 32. Qxe2 Rxe2 33. Kf1 Kf7 34. Ra1
Bf5 35. Bb2 h5 36. Ng2 Rc2 37. Ne1 Rce2 38. Ng2 Nb4 39. Bxd4 Bxd3 40. Kg1 Bc2
41. Re1 Rxe1+ 42. Nxe1 Bxb3 43. Nxa5 Bd5 44. Bc3 Bf6 0-1

[Event "St Louis Spring Classic C"]
[Site "Saint Louis USA"]
[Date "2017.05.22"]
[Round "8.2"]
[White "Sevian, Samuel"]
[Black "Stukopin, Andrey"]
[Result "0-1"]
[WhiteTitle "GM"]
[BlackTitle "GM"]
[WhiteElo "2585"]
[BlackElo "2586"]
[WhiteFideId "2040506"]
[BlackFideId "24107131"]
[EventDate "2017.05.16"]

1. e4 c5 2. Nf3 Nc6 3. d4 cxd4 4. Nxd4 Nf6 5. Nc3 d6 6. Bg5 e6 7. Qd2 a6 8.
O-O-O h6 9. Nxc6 bxc6 10. Bf4 d5 11. Qe3 Bb4 12. Be2 O-O 13. e5 Nh7 14. h4 Qa5
15. Rh3 Rb8 16. Rg3 Rb7 17. Bd3 Bc5 18. Qf3 f5 19. exf6 Nxf6 20. Be5 Ne4 21. Qg4
Nxg3 22. Qxg3 Qb4 23. Ne2 Rxf2 24. Bxa6 Qe4 25. Bxb7 Be3+ 26. Kb1 Rxg2 27. Bxc8
Rxg3 28. Bxg3 Qg4 29. Ba6 c5 30. a3 c4 31. Bc8 Kf7 32. Rxd5 Qxe2 33. Rd7+ Ke8
34. Bd6 Qd1+ 35. Ka2 Qxc2 36. Rb7 Qd3 37. Be5 Bd4 38. Bxd4 Qxd4 39. Bxe6 c3 40.
bxc3 Qxc3 41. Bg8 Kf8 42. Rb8+ Ke7 43. Rb7+ Kd6 44. Rb6+ Kc5 45. Rb2 Qh3 46. Rb4
Qg2+ 47. Rb2 Qe4 48. Rb4 Qe2+ 49. Rb2 Qe1 50. Rc2+ Kd6 51. Rg2 Qxh4 52. Rxg7
Qf2+ 53. Kb3 Qe3+ 54. Kc2 Qe4+ 55. Kc1 Qf4+ 56. Kc2 Qf5+ 57. Kd2 Qf6 58. Rh7 Qg6
59. Kc3 h5 60. Kd4 Qxg8 0-1

[Event "St Louis Spring Classic C"]
[Site "Saint Louis USA"]
[Date "2017.05.22"]
[Round "8.3"]
[White "Li, Ruifeng"]
[Black "Shimanov, Aleksandr"]
[Result "1/2-1/2"]
[WhiteTitle "GM"]
[BlackTitle "GM"]
[WhiteElo "2574"]
[BlackElo "2642"]
[WhiteFideId "2061074"]
[BlackFideId "4198603"]
[EventDate "2017.05.16"]

1. e4 c6 2. d4 d5 3. exd5 cxd5 4. c4 Nf6 5. Nc3 Nc6 6. Nf3 Bg4 7. Bg5 Qa5 8.
Bxf6 exf6 9. Be2 dxc4 10. Nd2 Be6 11. Nxc4 Bxc4 12. Bxc4 O-O-O 13. O-O Nxd4 14.
Bxf7 Kb8 15. Qd3 Nc6 16. Qg3+ Qe5 17. Rad1 Qxg3 18. hxg3 Bc5 19. Bc4 Ne5 20. Bd5
Rd7 21. Be4 Rxd1 22. Rxd1 Re8 23. Na4 Bxf2+ 24. Kxf2 Ng4+ 25. Kf3 Rxe4 26. Rd8+
Kc7 27. Kxe4 Kxd8 28. Nc5 g6 29. Nxb7+ Kc7 30. Nc5 Kd6 1/2-1/2

[Event "St Louis Spring Classic C"]
[Site "Saint Louis USA"]
[Date "2017.05.23"]
[Round "9.1"]
[White "Li, Ruifeng"]
[Black "Nyzhnyk, Illya"]
[Result "1/2-1/2"]
[WhiteTitle "GM"]
[BlackTitle "GM"]
[WhiteElo "2574"]
[BlackElo "2610"]
[WhiteFideId "2061074"]
[BlackFideId "14118084"]
[EventDate "2017.05.16"]

1. e4 e6 2. d4 d5 3. Nc3 Nf6 4. e5 Nfd7 5. Nce2 c5 6. c3 Nc6 7. Nf3 Qa5 8. Bf4
cxd4 9. Nexd4 Be7 10. Bd3 Qb6 11. Rb1 Nc5 12. Bc2 f5 13. exf6 gxf6 14. O-O e5
15. Nxc6 Qxc6 16. Bxe5 fxe5 17. Nxe5 Qf6 18. Qh5+ Kf8 19. Rbe1 Ne6 20. f4 Nc5
21. f5 Ne4 22. Bxe4 Qxe5 23. Bxd5 Qxd5 24. Qh6+ Kf7 25. f6 Qc5+ 26. Kh1 Bf8 27.
Re7+ Bxe7 28. Qg7+ Ke6 29. b4 Qd6 30. Qg4+ Kf7 31. Qg7+ Ke6 32. Qg4+ Kf7 33.
Qg7+ 1/2-1/2

[Event "St Louis Spring Classic C"]
[Site "Saint Louis USA"]
[Date "2017.05.23"]
[Round "9.2"]
[White "Shimanov, Aleksandr"]
[Black "Sevian, Samuel"]
[Result "1/2-1/2"]
[WhiteTitle "GM"]
[BlackTitle "GM"]
[WhiteElo "2642"]
[BlackElo "2585"]
[WhiteFideId "4198603"]
[BlackFideId "2040506"]
[EventDate "2017.05.16"]

1. c4 e5 2. g3 Nf6 3. Bg2 d5 4. cxd5 Nxd5 5. Nc3 Nb6 6. Nf3 Nc6 7. a3 Be7 8. b4
Be6 9. O-O O-O 10. Rb1 f6 11. b5 Nd4 12. e3 Nxf3+ 13. Bxf3 Qc8 14. Qc2 Rd8 15.
d4 Bf5 16. Qb3+ Be6 17. Qc2 Bf5 18. Ne4 exd4 19. exd4 Rxd4 20. Bb2 Rc4 21. Qe2
Qe6 22. Rfe1 Re8 23. Rbd1 Kf8 24. Nc3 Qxe2 25. Rxe2 Bd6 26. Rxe8+ Kxe8 27. Re1+
Kf8 28. Bxb7 Be5 29. Rc1 Bd7 30. Ba6 Kf7 31. Kf1 g5 32. Ke2 Kg6 33. Kd2 Rd4+ 34.
Ke1 Rc4 35. Kd2 Rc5 36. Ke2 h5 37. f3 Bxc3 38. Rxc3 Bxb5+ 39. Bxb5 Rxb5 40. Bc1
c5 41. h3 c4 42. Rc2 Rb3 43. Be3 c3 44. Bc5 Nc4 45. a4 Na3 46. Rc1 a5 47. Kd3
c2+ 48. Ke2 g4 49. hxg4 hxg4 50. fxg4 Rxg3 51. Bxa3 Rxa3 52. Rxc2 Rxa4 53. Rc5
Ra1 54. Kf2 Ra3 55. Kg2 a4 56. Ra5 Ra1 57. Kh2 a3 58. Kg2 Kf7 59. Ra6 Ke7 60.
Kh2 a2 61. Kg2 Kd7 62. Kh2 Kc7 63. g5 Kb7 64. Ra3 fxg5 65. Kg2 Kb6 66. Ra8 Kb5
67. Rb8+ Kc4 68. Rc8+ Kd4 69. Rd8+ Ke3 70. Re8+ Kf4 71. Rf8+ Kg4 72. Ra8 Kh5 73.
Rh8+ Kg6 74. Rg8+ Kf7 75. Ra8 g4 76. Ra6 g3 1/2-1/2

[Event "St Louis Spring Classic C"]
[Site "Saint Louis USA"]
[Date "2017.05.23"]
[Round "9.3"]
[White "Stukopin, Andrey"]
[Black "Ramirez, Alejandro"]
[Result "1/2-1/2"]
[WhiteTitle "GM"]
[BlackTitle "GM"]
[WhiteElo "2586"]
[BlackElo "2550"]
[WhiteFideId "24107131"]
[BlackFideId "6500617"]
[EventDate "2017.05.16"]

1. e4 c5 2. Nc3 Nc6 3. Nf3 e6 4. d4 cxd4 5. Nxd4 Qc7 6. Be3 a6 7. Be2 Nf6 8. O-O
Be7 9. f4 d6 10. Kh1 O-O 11. Qe1 Nxd4 12. Bxd4 b5 13. a3 Bb7 14. Qg3 Rad8 15.
Rae1 Bc6 16. Bd3 Qd7 17. Rf3 g6 18. f5 exf5 19. Rxf5 Ne8 20. a4 Ng7 21. axb5
axb5 22. b4 Rde8 23. Bxg7 Kxg7 24. Bxb5 Bxb5 25. Rxb5 Bf6 26. Qd3 Be5 27. Rd5
Qg4 28. Nb5 Bxh2 29. Qh3 Qxh3 30. gxh3 Bg3 31. Re2 Rb8 32. c3 Rfc8 33. Re3 Be5
34. Nxd6 Rxc3 35. Rxc3 Bxc3 36. b5 Kf8 37. Kg2 Ke7 38. b6 f5 39. exf5 gxf5 40.
Nxf5+ Ke6 41. Rb5 Kd7 42. Ne3 Kc6 43. Rh5 Bd4 44. Rh6+ Kc5 45. Nf5 Ba1 46. Rxh7
Rxb6 47. Kf3 Bf6 48. Rd7 Rb4 49. Ng3 Kc6 50. Rf7 Be5 51. Ne4 Kd5 52. Ng5 Kd6 53.
Rf5 Bb2 54. Ra5 Ke7 55. Ne4 Kf7 56. Kf4 Kg6 57. Ra6+ Kg7 58. h4 Bc1+ 59. Kf5
Rb5+ 60. Kg4 1/2-1/2

[Event "St Louis Spring Classic C"]
[Site "Saint Louis USA"]
[Date "2017.05.24"]
[Round "10.1"]
[White "Nyzhnyk, Illya"]
[Black "Stukopin, Andrey"]
[Result "1/2-1/2"]
[WhiteTitle "GM"]
[BlackTitle "GM"]
[WhiteElo "2610"]
[BlackElo "2586"]
[WhiteFideId "14118084"]
[BlackFideId "24107131"]
[EventDate "2017.05.16"]

1. d4 Nf6 2. Nf3 d5 3. c4 e6 4. Nc3 dxc4 5. e4 Bb4 6. Bxc4 Nxe4 7. O-O Nxc3 8.
bxc3 Be7 9. Re1 O-O 10. Ne5 Nc6 11. Qg4 f5 12. Nxc6 fxg4 13. Nxd8 Rxd8 14. Bxe6+
Bxe6 15. Rxe6 Re8 16. Bf4 Bd6 17. Rxe8+ Rxe8 18. Bxd6 cxd6 19. Rb1 b6 20. Kf1
Kf7 21. a4 Ke6 22. a5 bxa5 23. Ra1 Rc8 24. Rxa5 Rxc3 25. Rxa7 Kf6 26. Rd7 Rc6
27. Ke2 h5 28. g3 g6 29. Kd3 Ke6 30. Rg7 Kf6 1/2-1/2

[Event "St Louis Spring Classic C"]
[Site "Saint Louis USA"]
[Date "2017.05.24"]
[Round "10.2"]
[White "Ramirez, Alejandro"]
[Black "Shimanov, Aleksandr"]
[Result "1/2-1/2"]
[WhiteTitle "GM"]
[BlackTitle "GM"]
[WhiteElo "2550"]
[BlackElo "2642"]
[WhiteFideId "6500617"]
[BlackFideId "4198603"]
[EventDate "2017.05.16"]

1. e4 e5 2. Nf3 Nc6 3. Bb5 Nf6 4. O-O Nxe4 5. Re1 Nd6 6. Nxe5 Be7 7. Bf1 Nxe5 8.
Rxe5 O-O 9. d4 Bf6 10. Re1 Re8 11. Rxe8+ Nxe8 12. c3 d5 13. Bd3 g6 14. Bf4 Ng7
15. Nd2 c6 16. Qe2 Qe7 17. Qxe7 Bxe7 18. Re1 Be6 19. h3 Re8 20. Nf3 f6 21. Re2
Kf7 22. Kf1 Bf5 23. Bxf5 Nxf5 24. Ne1 g5 25. Bh2 h5 26. g4 hxg4 27. hxg4 Nh4 28.
Re3 Bf8 29. Rxe8 Kxe8 30. Bg3 Ng6 31. Nd3 1/2-1/2

[Event "St Louis Spring Classic C"]
[Site "Saint Louis USA"]
[Date "2017.05.24"]
[Round "10.3"]
[White "Sevian, Samuel"]
[Black "Li, Ruifeng"]
[Result "1/2-1/2"]
[WhiteTitle "GM"]
[BlackTitle "GM"]
[WhiteElo "2585"]
[BlackElo "2574"]
[WhiteFideId "2040506"]
[BlackFideId "2061074"]
[EventDate "2017.05.16"]

1. e4 c5 2. Nf3 d6 3. d4 cxd4 4. Nxd4 Nf6 5. Nc3 a6 6. Be3 e5 7. Nb3 Be6 8. f3
h5 9. Qd2 Nbd7 10. O-O-O Rc8 11. Kb1 Be7 12. g3 b5 13. Nd5 Nxd5 14. exd5 Bf5 15.
Bd3 Bxd3 16. Qxd3 O-O 17. h3 Bg5 18. f4 Bh6 19. Qe2 Qc7 20. Rd2 Qc4 21. Qxh5 Nf6
22. Qd1 Ne4 23. Rg2 a5 24. Re1 a4 25. fxe5 axb3 26. cxb3 Nc3+ 27. bxc3 Qe4+ 28.
Qc2 Qxe5 29. Bd2 Qf6 30. Bxh6 Rxc3 31. Rf2 Rxc2 32. Rxf6 Rg2 33. Rxd6 gxh6 34.
Rc6 Rxg3 35. Rd1 Rxh3 36. d6 Rd8 37. Rc5 b4 38. Rc4 f5 39. Rxb4 Kf7 40. a4 Rc3
41. Kb2 Rc6 42. Rb7+ Kf6 43. d7 Ke7 44. a5 f4 45. b4 f3 46. b5 Rd6 47. Rf1 R8xd7
48. Rxd7+ Kxd7 49. Rxf3 Rd5 50. Rb3 Kc7 51. Ka3 Rg5 52. b6+ Kb8 53. Ka4 Kb7 54.
Rb4 Rg1 55. Kb3 Ka6 56. Kc2 Rg8 57. b7 Rb8 58. Rb6+ Kxa5 1/2-1/2